LEADER 01299nam a2200313 i 4500 001 991003278889707536 006 m d 007 cr cn||||||||| 008 070806s2003 ne a sb 001 0 eng d 020 $a9780444511249 020 $a0444511245 035 $ab13659856-39ule_inst 040 $aDip.to Matematica$beng 082 04$a515.2433$222 100 1 $aCohen, Albert$0120460 245 10$aNumerical analysis of wavelet methods$h[e-book] /$cAlbert Cohen 260 $aAmsterdam ;$aBoston :$bElsevier,$c2003 300 $axviii, 336 p. :$bill. ;$c24 cm 440 0$aStudies in mathematics and its applications,$x0168-2024 ;$v32 504 $aIncludes bibliographical references (p. 321-333) and index 650 0$aWavelets (Mathematics) 650 0$aNumerical analysis 856 40$3ScienceDirect$uhttp://www.sciencedirect.com/science/publication?issn=01682024&volume=32$zAn electronic book accessible through the World Wide Web; click for information 856 42$zPublisher description$uhttp://catdir.loc.gov/catdir/enhancements/fy0614/2003050131-d.html 907 $a.b13659856$b03-03-22$c29-01-08 912 $a991003278889707536 996 $aNumerical analysis of wavelet methods$91213922 997 $aUNISALENTO 998 $ale013$b29-01-08$cm$d@ $e-$feng$gne $h0$i0 LEADER 01660nam 2200433 450 001 9910375772703321 005 20230809231633.0 035 $a(CKB)4100000004910423 035 $a(WaSeSS)IndRDA00103611 035 $a(EXLCZ)994100000004910423 100 $a20180823d2017 uy 0 101 0 $aeng 135 $aur||||||||||| 181 $ctxt$2rdacontent 182 $cc$2rdamedia 183 $acr$2rdacarrier 200 10$aWeb3D 2017 $eproceedings of the 22nd International Conference on 3D Web Technology : Brisbane, Australia, June 5-7, 2017 /$fproceedings production editor, Stephen N. Spencer ; sponsored by ACM SIGGRAPH 210 1$aNew York :$cACM,$d2017. 215 $a1 online resource (157 pages) 300 $aIncludes index. 311 $a1-4503-4955-2 517 1 $aWeb three dimensional 2017 :$eproceedings of the 22nd International Conference on three dimensional Web Technology : Brisbane, Australia, June 5-7, 2017 517 1 $aProceedings of the 22nd International Conference on 3D Web Technology 517 1 $aProceedings of the 22nd International Conference on three dimensional Web Technology 606 $aVirtual reality$vCongresses 606 $aThree-dimensional display systems$vCongresses 606 $aVRML (Computer program language)$vCongresses 615 0$aVirtual reality 615 0$aThree-dimensional display systems 615 0$aVRML (Computer program language) 676 $a006.8 702 $aSpencer$b Stephen N. 712 02$aSIGGRAPH, 801 0$bWaSeSS 801 1$bWaSeSS 906 $aBOOK 912 $a9910375772703321 996 $aWeb3D 2017$92159043 997 $aUNINA